000 nam a22 7a 4500
999 _c232778
_d232778
003 Nust
005 20170223120418.0
008 170223b xxu||||| |||| 00| 0 eng d
040 _c0
050 _a628 MAS
082 _a628 MAS
100 _aAnum Masood, Jamal Shahid Saifi, Liaqat karim Hunzai, Syeda Asma
245 _aEstimation Of Oil Content In Locally Isolated Algal Strains For Prospective Biodiesel Production
_cAnum Masood, Jamal Shahid Saifi, Liaqat karim Hunzai, Syeda Asma
260 _aIslamabad
_bIESE (SCEE) NUST
_c2013.
300 _a45 p.
_bHB.
440 _aUG Environmental Engineering
500 _aThesis UG EE
650 _aEnvironmental Engineering
700 _4Dr. Zahiruddin Khan (Supervisor)
942 _2ddc
_cTHE
_kIESE